Famous Small Towns or Cities - Statistics

General Stats
  • This quiz has been taken 23 times
  • The average score is 9 of 17
Answer Stats
Hint Population
(approx.)
Country/Region Town or City % Correct
Town near where Napoleon's army was defeated in 1815 30,000 Belgium Waterloo
95%
Where a conference was held between the heads of state of the USSR, the USA and the UK after WW2 77,000 Crimea Yalta
90%
Where the deadliest battle in the US Civil War was, and also where Lincoln delivered his most famous speech 7,000 Pennsylvania Gettysburg
85%
Where an agreement that allowed free travel in most of Europe was signed 5,000 Luxembourg Schengen
80%
Town with a famous cell phone company named after it 36,000 Finland Nokia
75%
Famous Winter resort and hosted the Winter Olympics twice 5,000 Switzerland St Moritz
70%
Where a famous tapestry depicting the Battle of Hastings is kept 13,000 France Bayeux
65%
Village where one of the most popular cheeses in the world was invented 6,000 England Cheddar
65%
Where chlorine gas was first used in war 35,000 Belgium Ypres
60%
Where the Virgin Mary appeared to Saint Bernadette 13,000 France Lourdes
55%
Town nicknamed 'The Home of Golf' 17,000 Scotland St Andrew's
55%
Fortified city with a board game named after it 50,000 France Carcassonne
40%
Capital of the Faroe Islands 14,000 Faroe Islands Torshavn
30%
Where LEGO was founded 7,000 Denmark Billund
20%
Stopping point of the Titanic and important city during the D-Day landings 25,000 France Cherbourg
15%
City famous for its diamond mines 97,000 South Africa Kimberley
15%
Where coffee first spread to outside of Ethiopia (type of coffee is named after the town) 17,000 Yemen Mokha
15%
No matching quizzes found
Score Distribution
Percent of People with Each Score
Percentile by Number Answered
Your Score History
You have not taken this quiz